000 00368nam a2200145Ia 4500
008 150201s2009 xx 000 0 und d
082 _a617.692
_bP2009Z
100 _aZARB,GEORG A.
245 _aPROSTHODONTIC TREATMENT FOR EDENTULOUS PATIENTS
250 _a12TH
260 _bMOSBY
_aDELHI
_c2009
300 _a1-560
650 _aPROSTHODONTICS
942 _2ddc
_cBK
_06
999 _c4578
_d4578